Economic reforms in Kazakhstan, Kyrgyz republic, Tajikistan, Turkmenistan, and Uzbekistan (Record no. 40899)

MARC details
000 -LEADER
fixed length control field 00645nam a2200169 a 4500
008 - FIXED-LENGTH DATA ELEMENTS--GENERAL INFORMATION
fixed length control field 120416s1999 ||||||||||||||||| || u
020 ## - INTERNATIONAL STANDARD BOOK NUMBER
International Standard Book Number 1557758255
050 ## - LIBRARY OF CONGRESS CALL NUMBER
Classification number IMF(08)
100 ## - MAIN ENTRY--PERSONAL NAME
Personal name Gèurgen, Emine
245 10 - TITLE STATEMENT
Title Economic reforms in Kazakhstan, Kyrgyz republic, Tajikistan, Turkmenistan, and Uzbekistan
260 ## - PUBLICATION, DISTRIBUTION, ETC.
Place of publication, distribution, etc. Washington, D.C.
Name of publisher, distributor, etc. IMF
Date of publication, distribution, etc. 1999
300 ## - PHYSICAL DESCRIPTION
Extent vii, 77p. : ill.
350 ## - PRICE (NR) (BK AM CF MU VM SE) [OBSOLETE]
Price 0.00
650 ## - SUBJECT ADDED ENTRY--TOPICAL TERM
Topical term or geographic name entry element ASIA, CENTRAL--ECONOMIC POLICY
650 ## - SUBJECT ADDED ENTRY--TOPICAL TERM
Topical term or geographic name entry element ASIA, CENTRAL--ECONOMIC CONDITIONS
995 ## - RECOMMENDATION 995 [LOCAL, UNIMARC FRANCE]
-- 0.00
-- CBU-MAIN LIBRARY (Kitwe)
-- 1
-- 18.00
-- 1
-- AVAILABLE
-- International Publications
Holdings
Withdrawn status Lost status Source of classification or shelving scheme Damaged status Not for loan Home library Current library Shelving location Date acquired Total Checkouts Full call number Barcode Date last seen Price effective from Koha item type
          CBU-MAIN LIBRARY, KITWE. CBU-MAIN LIBRARY, KITWE.   11/30/2022   IMF(08) 027806 11/30/2022 11/30/2022 MONOGRAPH